00405nam a22001457a 450000500170000001000130001702000230003003500130005303700290006608200080009510000260010324500630012926000460019230000210023820190515133456.0 aB-129818 a0195668677c495.00 aB-129818 bOxford University Press. a881 aTagore, Rabindranath  aRabindranath tagore selected poems /cRabindranath Tagore. aNew DelhibOxford University Press.c2004 a449pc22cm (hbk)